| 000 | 00423nam a22001457a 4500 | ||
|---|---|---|---|
| 999 |
_c4839 _d4839 |
||
| 008 | 200902b ||||| |||| 00| 0 eng d | ||
| 082 | 0 | 0 |
_a621.165 _bA2111 |
| 100 |
_91321 _aAdams, H.T. |
||
| 245 | 1 | 0 |
_aElements of internal combustion turbine theory _cby H.T. Adams |
| 260 |
_aCambridge _bCambridge University Press _c1962 |
||
| 300 | _axii,176 p. | ||
| 365 | _d18.00 | ||
| 650 | 0 | _aInternal Combustion Engines | |
| 942 | _cBK | ||